000 00606nam a2200241Ia 4500
003 OSt
005 20220918225020.0
006 a|||||r|||| 00| 0
007 ta
008 220917b |||||||| |||| 00| 0 eng d
024 _a236,154
037 _cTextual
040 _aARTS
_cARTS
_beng
041 _2eng
_aeng
082 _aT4r, M6
110 _aUniversity of Delhi
245 0 _aSixtry third annual report
260 _aDelhi
_bUniveristy of Delhi India
_c1986
650 _aEDUCATION
700 _aUniversity of Delhi
942 _hT4r, M6
_cTEXL
_2CC
999 _c283108
_d283108